| 000 | 00471nam a2200157Ia 4500 | ||
|---|---|---|---|
| 001 | 57216 | ||
| 008 | 131128n ii |||gr||||Z||||||297 | ||
| 082 | _a891.551 | ||
| 245 | 0 |
_aDastan-e-Farud As Shahnama-i-Firdausi _cFirdausi Tusi _hTextual Documents |
|
| 260 | _bBuniad -e-Shahnama Firdausi. | ||
| 653 | _aIslami studies | ||
| 653 | _aDastan-e-Farud As Shahnama-i-Firdausi | ||
| 653 | _aDeptt- Islamic studies | ||
| 700 |
_aTusi, Firdausi., _eAuthor. |
||
| 942 |
_2ddc _cBK |
||
| 999 |
_c57129 _d57129 |
||